दस्युरानी गुड़िया एवं अन्य कहानियाँ / (Record no. 117482)

MARC details
000 -LEADER
fixed length control field 01316nam a22002777a 4500
003 - CONTROL NUMBER IDENTIFIER
control field dpl
005 - DATE AND TIME OF LATEST TRANSACTION
control field 20190725115923.0
008 - FIXED-LENGTH DATA ELEMENTS--GENERAL INFORMATION
fixed length control field 190725b ||||| |||| 00| 0 eng d
010 ## - LIBRARY OF CONGRESS CONTROL NUMBER
LC control number B-137538
020 ## - INTERNATIONAL STANDARD BOOK NUMBER
Terms of availability 00.00
International Standard Book Number 8180692418
035 ## - SYSTEM CONTROL NUMBER
System control number B-137538, B-137564
037 ## - SOURCE OF ACQUISITION
Source of stock number/acquisition Cen Lib/Ret
040 ## - CATALOGING SOURCE
Original cataloging agency DPL
Language of cataloging HN
Transcribing agency 0
082 ## - DEWEY DECIMAL CLASSIFICATION NUMBER
Classification number
Item number श्रीवास्त
100 ## - MAIN ENTRY--PERSONAL NAME
Personal name श्रीवास्तवा, अवधनारायण
9 (RLIN) 49449
245 ## - TITLE STATEMENT
Title दस्युरानी गुड़िया एवं अन्य कहानियाँ /
Statement of responsibility, etc अवधनारायण श्रीवास्तवा
246 ## - VARYING FORM OF TITLE
Title proper/short title Dasyurani gudiya ewam any kahaniyan /
Remainder of title by Avadhnarayan Shrivastava
260 ## - PUBLICATION, DISTRIBUTION, ETC. (IMPRINT)
Place of publication, distribution, etc नई दिल्ली
Name of publisher, distributor, etc कांसेप्ट पब्लिशिंग कम्पनी
Date of publication, distribution, etc 2005
270 ## - ADDRESS
City नई दिल्ली
Address ए/15-16, कमर्शियल ब्लाक, मोहन गार्डन
Postal code 110059
300 ## - PHYSICAL DESCRIPTION
Extent 216पृ.
Dimensions 21सेमी(सजिल्द)
650 ## - SUBJECT ADDED ENTRY--TOPICAL TERM
Topical term or geographic name as entry element हिन्दी साहित्य
9 (RLIN) 74836
650 ## - SUBJECT ADDED ENTRY--TOPICAL TERM
Topical term or geographic name as entry element हिन्दी -- लघु कथाएँ
9 (RLIN) 45972
650 ## - SUBJECT ADDED ENTRY--TOPICAL TERM
Topical term or geographic name as entry element Hindi literature
9 (RLIN) 74837
650 ## - SUBJECT ADDED ENTRY--TOPICAL TERM
Topical term or geographic name as entry element Hindi -- Short stories
9 (RLIN) 29625
942 ## - ADDED ENTRY ELEMENTS (KOHA)
Source of classification or shelving scheme Dewey Decimal Classification
Koha item type Hindi Books
Classification part
Call number suffix श्रीवास्त
Holdings
Withdrawn status Lost status Damaged status Not for loan Home library Current library Date acquired Source of acquisition Cost, normal purchase price Total Checkouts Full call number Barcode Date last seen Copy number Cost, replacement price Price effective from Koha item type Source of classification or shelving scheme Collection code Total Renewals Date checked out
        Central Library Central Library 04/09/2015 Cen Lib/Ret 0.00   क श्रीवास्त B-137538 04/09/2015 1 0.00 04/09/2015 Hindi Books        
        R.C.Libraries (BL-IV) R.C.Libraries (BL-IV) 25/07/2019 BPPD/PUB 165.00 1 क श्रीवास्त B-137564 14/08/2019   165.00 25/07/2019 Hindi Books Dewey Decimal Classification     25/07/2019
        R.K.Puram-8 R.K.Puram-8 06/02/2026   165.00 1 क श्रीवास्त B-137549 06/02/2026   165.00 06/02/2026 Hindi Books Dewey Decimal Classification Fiction   06/02/2026
        Sarojini Nagar Sarojini Nagar 18/10/2021       क श्रीवास्त B-137548 18/10/2021     18/10/2021 Hindi Books Dewey Decimal Classification Fiction    
        Shahdara Branch Shahdara Branch 10/07/2018 BPPD/PUB 0.00 1 क श्रीवास्त B-137561 15/11/2018   0.00 10/07/2018 Hindi Books Dewey Decimal Classification Fiction 1 23/10/2018
        Yojana Vihar Yojana Vihar 20/07/2019 BPPD/PUB 165.00   क श्रीवास्त B-137562 20/07/2019   165.00 20/07/2019 Hindi Books Dewey Decimal Classification Fiction    

© Delhi Public Library
Hit Counter
free hit counter